| 000 | 00530nam a22001457a 4500 | ||
|---|---|---|---|
| 038 | _aNusrat Nadeem | ||
| 082 | _a200 | ||
| 245 |
_aModeling and Control for Trajectory tracking and mlti-robot formation of nonholonomic wheeled mobile robots/ _cMuhammad Asif |
||
| 264 |
_aKarachi; _bPNEC NUST; _c2015. |
||
| 300 |
_a120,p; _bill; _c30,cm. |
||
| 650 |
_aPhD-Electrical Engineering _984162 |
||
| 700 |
_aSupervusor:Dr.Muhammad Junaid Khan _9124431 |
||
| 856 | _uhttp://10.250.8.41:8080/xmlui/handle/123456789/27001 | ||
| 942 |
_2ddc _cSC |
||
| 999 |
_c610294 _d610294 |
||